| 000 | 00416nam a2200157Ia 4500 | ||
|---|---|---|---|
| 008 | 230917s9999||||xx |||||||||||||| ||und|| | ||
| 020 | _cRS75 | ||
| 040 |
_e16720 _aMAIN |
||
| 041 | _aEnglish | ||
| 082 | _a519.2 C459P | ||
| 100 | _aChow, Yuan Shin | ||
| 245 | 0 | _aProbability theory: Independence interchageability martingales | |
| 260 |
_aNew York _bSpringer-Verlag _c1979 |
||
| 300 | _axv, 455 p. | ||
| 942 | _cBK | ||
| 999 |
_c208694 _d208694 |
||